00320nam a22001097a 4500008004100000020001500041082001800056100002600074245005500100260004600155300000900201230608b xxu||||| |||| 00| 0 eng d a9966031847 a346.0438bOSI cProf. Tom Ojienda, SC aLand Law and ConveyancingbPrinciples and practice aNairobi, kenyabLaw Africa publishing ltd a274p